Reflexiones sobre la causa del contrato en la propuesta para la modernización del Derecho de obligaciones y contratos

সংরক্ষণ করুন:
গ্রন্থ-পঞ্জীর বিবরন
প্রধান লেখক: Morales Moreno, Antonio Manuel (autor)
বিন্যাস: গ্রন্থ
ভাষা:স্প্যানিশ
প্রকাশিত: Madrid Real Academia de Jurisprudencia y Legislación 2011
সংস্করন:1a. ed
বিষয়গুলি:
ট্যাগগুলো: ট্যাগ যুক্ত করুন
কোনো ট্যাগ নেই, প্রথমজন হিসাবে ট্যাগ করুন!

MARC

LEADER 00000cam a2200000 a 4500
001 UCC0268
003 CL-VaPUC
008 170728e20110000sp |||||||||||||||||spa|d
082 0 4 |a 346.02  |b MOR  |2 21 
100 |a Morales Moreno, Antonio Manuel  |e autor  |9 595007 
245 1 0 |a Reflexiones sobre la causa del contrato en la propuesta para la modernización del Derecho de obligaciones y contratos 
250 |a 1a. ed 
300 |a pág. irreg 
942 |c BK 
945 |d 20170728 13:21:00  |a dcastane 
260 |a Madrid  |b Real Academia de Jurisprudencia y Legislación  |c 2011 
500 |a Separata de Estudios: comunicación presentada al pleno de Académicos de Número de la Real Academia de Jurisprudencia y Legislación el día 11 de abril de 2011 
650 0 |a Derecho civil  |9 255013 
650 0 |a Contratos  |9 255153 
650 0 |a Obligación contractual  |9 481486 
650 7 |a RESPONSABILIDAD CIVIL CONTRACTUAL  |2 CL-VaPUC  |9 541136 
583 |a last modification  |c 20170728 13:21:00  |k Rodrigo Vera 
999 |c 369143  |d 369141 
952 |0 0  |1 0  |2 ddc  |3 erb  |4 0  |6 346_020000000000000_MOR_2011  |7 0  |8 A  |9 484721  |a BIBDER  |b BIBDER  |i 5411637  |o 346.02 MOR 2011  |p 5411637  |r 2023-01-25  |w 2019-11-24  |y MX  |z Catalogado en:20170728  |k DER